[Event "Tel Aviv Last Autumn"]
[Site "Tel Aviv"]
[Date "2002.11.03"]
[Round "2"]
[White "Kaganskiy, Gleb"]
[Black "Gofshtein, Leonid D"]
[Result "0-1"]
[WhiteElo "2315"]
[BlackElo "2519"]
[Annotator "Gofshtein,L"]
[PlyCount "88"]
[EventDate "2002.11.01"]
[EventType "tourn"]
[EventRounds "9"]
[EventCountry "ISR"]
[EventCategory "8"]
[SourceTitle "CBM 092"]
[Source "ChessBase"]
[SourceDate "2003.02.06"]
[SourceVersion "1"]
[SourceVersionDate "2003.02.06"]
[SourceQuality "1"]

1. d4 Nf6 2. c4 e6 3. Nc3 Bb4 4. g3 c5 5. Nf3 cxd4 6. Nxd4 O-O 7. Bg2 d5 8. O-O
{8.cxd5 line is more popular, but black may equalize in that case as well;} (8.
cxd5 Nxd5 9. Qb3 Qb6 $5 (9... Nc6 $5 10. Nxc6 bxc6 11. O-O Qa5 (11... Rb8 12.
Qc2 Be7 13. Rd1 Qb6 14. Na4 Qb5 $132 {1/2-1/2 Beliavsky,A-Alburt,L/Odessa 1974/
EXT 99 (40)}) 12. Bd2 Bxc3 13. bxc3 Ba6 14. Rfd1 Qc5 15. e4 Nb6 16. Be3 Qh5 17.
Rd6 Nc4 18. Rxc6 Nxe3 19. Rxa6 Rab8 20. Qa4 Rb2 21. Re1 Qe2 {0-1 Bacrot,
E-Anand,V/Bastia 2001/EXT 2002 (21)}) 10. Bxd5 (10. e3 Nc6 11. Nxc6 bxc6 12.
Bd2 Qa6 13. Rd1 Rb8 $132 {time. 0-1 Hort,V-Kindermann,S/Dortmund 1985/MCL (33)}
) 10... exd5 11. Be3 Nc6 12. Rd1 Qa5 13. O-O Bh3 14. Rfe1 Rac8 (14... Rfd8 15.
Rc1 Rac8 16. a3 Bxc3 17. Rxc3 Nxd4 18. Bxd4 Rc4 19. Rd1 $14 {1-0 Nielsen,
P-Akesson,R/Asker 1997/CBM 62/[Tisdall] (41)}) 15. Rc1 Ne5 $132 {Beliavsky,
A-Timman,J/Belgrade Invest 1995/CBM 51/[Baburin]/1-0 (69)}) 8... dxc4 9. Qa4 {
White's compensation is mostly based on strength of Bg2;} Na6 (9... Qxd4 10.
Qxb4 Nc6 11. Qa4 $44) (9... Qa5 10. Qxa5 Bxa5 11. Ndb5 $44) 10. Ndb5 Qb6 $5 {
Other moves, 10...Qe8 and 19...Nd5 gives black satisfactory play as well;} (
10... Qe8 $5 11. Rd1 Nd5 12. Qc2 $5 (12. a3 $6 Bxc3 $5 (12... Bd7 13. axb4 Nxc3
$132 {1/2-1/2 Lisik,V-Tregubov,P/Voronezh 1991/CBM 22 ext (35)}) 13. Nxc3 Nxc3
14. Qxe8 Nxe2+ 15. Kf1 Rxe8 16. Kxe2 Nc5 $17) 12... Bd7 13. Nxd5 exd5 14. Nc3
Bxc3 $132) (10... Nd5 $5 11. Nxd5 exd5 12. Rd1 Bd7 13. Rxd5 Qe8 14. Bf4 Bc5 15.
Rxc5 Nxc5 16. Qxc4 Bxb5 17. Qxc5 Qd7 $15 {1/2-1/2 Sunye Neto,J-Rodriguez
Cespedes,A/Merida 1993/EXT 97 (61)}) (10... Bxc3 11. Nxc3 Bd7 12. Qxc4 Rc8 13.
Qd4 Bc6 14. Qxa7 Ra8 15. Qe3 Nb4 16. Bxc6 bxc6 17. Qc5 $16 {1/2-1/2 Brumen,
D-Tolnai,T/Budapest 1994/EXT 97 (65)}) 11. Be3 {In case of 11.a3 white keeps
some edge;} (11. a3 $5 Be7 12. Qxc4 Bd7 13. Be3 Bc5 14. Na4 Qxb5 15. Qxb5 Bxb5
16. Nxc5 Nd5 17. Nxb7 Rab8 18. Na5 Bxe2 19. Rfe1 Nxe3 20. Rxe2 Nxg2 21. Kxg2
$14 {1-0 Kekki,P-Raaste,E/Helsinki 1989/EXT 97 (50)}) 11... Bc5 12. Bxc5 Qxc5
13. Rfd1 Nb4 14. Nd6 Nbd5 $5 $146 {[%mdl 8] Tochniu xod ,privodjashiu k
ravenstvy} (14... Rb8 15. Rac1 a6 (15... Bd7 16. Ncb5 Nfd5 17. Qxa7 Qxa7 18.
Nxa7 Ra8 19. a3 $14) 16. Nce4 Nxe4 17. Nxe4 Qe7 18. Rxc4 Nd5 19. Qc2 $14 {
1-0 Bewersdorff,O-Leutwyler,M/Bad Ragaz 1994/EXT 97 (30)}) 15. Nxc4 Nxc3 (15...
Bd7 $5 16. Qb3 Bc6 $11) 16. bxc3 Bd7 17. Qb4 Rac8 18. Nd6 Qxc3 19. Qxb7 Rc7 20.
Qa6 Rb8 $11 {Black has fully equalized the game now; Kaganskiy had to score 1.
5 out of 2 in 2 last rounds to achieve Im-norm, that's why he decided to play
on;} 21. Rab1 Rxb1 22. Rxb1 g6 23. Ne4 Nxe4 24. Bxe4 Bc6 25. Bxc6 Qxc6 26. Qa3
Kg7 27. h4 Qc2 $15 {Chernie yze imeut nebolshoi pereves} 28. Qb2+ Qxb2 29. Rxb2
Rc3 30. Rb3 $2 {Horrible blunder- pawn ending is probably lost for white;
Simple 30.Kg2 would keep it drawish;} (30. Kg2 $5 Ra3 31. g4) 30... Rxb3 31.
axb3 {[%mdl 4096]} Kf6 32. Kf1 Ke5 33. Ke1 f5 $1 {Black finds out the winning
plan: by f7-f5-f4 black creates weaknesses in white's position, and then more
active king of black decides;} 34. Kd2 {In case of 34.f3 f4 35.gxf4 Kxf4 black
wins thanks to much more active king as well as in the game line;} (34. f3 f4
35. gxf4+ Kxf4 36. Kf2 a5 37. e3+ Ke5 38. Ke1 (38. Kg3 Kd5 39. Kf4 Kc5 $19)
38... Kf5 39. Kf2 e5 40. Kg3 e4 41. Kg2 exf3+ 42. Kxf3 h6 $19) 34... f4 35. Kd3
{35.g4 was much more resistant; As it's proved below black wins there as well
but some exactness is required;} (35. e3 fxg3 36. fxg3 Ke4 37. Ke2 h5 38. b4 a6
$19) (35. g4 $5 Kd4 36. g5 (36. Kc2 h5 $1 37. gxh5 gxh5 38. Kd2 Ke4 39. Kc2 f3
40. e3 Kf5 41. Kd3 Kg4 42. Ke4 a5 43. Ke5 Kh3 $1 44. Kxe6 Kg2 45. e4 Kxf2 46.
e5 Kg3 $19) 36... e5 37. Kc2 Ke4 38. b4 Kd4 39. Kb3 a6 40. Ka4 e4 41. Kb3 f3
42. exf3 exf3 $19) 35... fxg3 36. fxg3 Kf5 37. Ke3 Kg4 38. Kf2 e5 39. b4 (39.
Kg2 a5 40. e4 (40. Kf2 e4 41. Kg2 e3 42. Kh2 Kf5 43. Kg2 Ke4 $19) 40... h6 41.
Kf2 Kh3 42. Kf3 g5 $18) 39... a6 $19 {The rest is simple- black wins now
easily;} 40. Kg2 e4 41. Kf2 Kf5 42. Ke1 Ke5 43. Kf1 Kd4 44. Kf2 h5 0-1

[Event "Championship of Israel prel"]
[Site "Tel Aviv"]
[Date "2000.08.23"]
[Round "7"]
[White "Golod, Vitali"]
[Black "Gershon, Alik"]
[Result "1/2-1/2"]
[WhiteElo "2590"]
[BlackElo "2502"]
[Annotator "Golod,V"]
[PlyCount "81"]
[EventDate "2000.08.16"]
[EventType "swiss"]
[EventRounds "9"]
[EventCountry "ISR"]
[SourceTitle "CBM 079"]
[Source "ChessBase"]
[SourceDate "2000.11.21"]
[SourceVersion "1"]
[SourceVersionDate "2000.11.21"]
[SourceQuality "1"]

1. d4 Nf6 2. c4 e6 3. Nc3 Bb4 4. f3 c5 5. d5 Bxc3+ (5... b5 $5 {It's main line.
}) 6. bxc3 d6 7. e4 Qe7 $5 8. Ne2 ({Pretty dubious:} 8. Bd3 {because of:} Nbd7
9. Ne2 $140 Ne5 $36 {[%csl Rc4,Rd3] Bruzon,L-Barroso,W/Matanzas,1999(1-0) (39)}
) 8... Nbd7 ({Repeatedly was checked in the previous games:} 8... Nh5 $5 9. g4
Qh4+ $13) 9. Ng3 Nf8 $5 $146 {[%cal Gf8g6][%mdl 8]} ({It deserves attention:} 
9... Nb6 10. Be2 Bd7 11. a4 a5 12. O-O {+/=/= See comments to Costa,J-Kachiani
Gersinska,K/Mitropa Cup,1995/CBM46 (1-0) (Hecht)(82)}) ({Perilously:} 9... h5
$6 10. Be2 h4 11. Nf1 h3 12. g4 $1 $14 {[%cal Gf1g3]} (12. g3 $6 exd5 13. cxd5
Nxe4 14. fxe4 Qxe4 15. Be3 Ne5 $44 (15... Qxh1 $4 16. Bf3 $18 {[%csl Rh1]})))
10. Bd3 e5 ({Impossibly:} 10... exd5 11. cxd5 $140 Nxd5 $4 {in view of:} 12.
Bb5+ {[%csl Rd5]}) 11. Qa4+ $1 {Differently,I don't have a advantage after:} (
11. Bc2 $6 h5 12. Ba4+ Kd8 $13) ({or} 11. Nf5 Bxf5 12. exf5 e4 $1 13. fxe4 N8d7
$44) (11. O-O $5) 11... Kd8 {This move a much better,than:} (11... Bd7 $6 12.
Qb3 {[%csl Rb7]} Rb8 $140 13. Qa3 a6 14. Rb1 $14) 12. O-O $14 ({Is a possibe
continuation of the play:} 12. Be3 Ng6 13. Ne2 {+/=/=}) 12... Ng6 13. Nf5 $5
Bxf5 (13... Qf8 $143 14. Rb1 $36) 14. exf5 Nf4 $1 15. Bxf4 exf4 16. Rfe1 Qc7 $1
({Badly:} 16... Qd7 $2 {because of:} 17. Qc2 {[%csl Rf4][%cal Gc2d2,Gd2f4]})
17. Qc2 $6 {[%csl Rf4][%cal Gc2d2]} ({White save a advantage after:} 17. Qa3 $5
Re8 18. Rxe8+ Nxe8 19. Qc1 Qa5 20. Rb1 $1 Kc8 21. Rb3 {[%csl Rf4][%cal Gb3a3]})
17... Kd7 $1 ({Pretty dubious:} 17... g5 {because of:} 18. fxg6 hxg6 $140 19.
Qd2 Nh5 (19... g5 20. Bf5 $14) 20. g4 $1 fxg3 21. hxg3 $14 (21. Qg5+ $2 f6 22.
Qxg6 gxh2+ 23. Kh1 Qd7 $17 {[%csl Rh1][%cal Gh5g3,Yd7h3]})) 18. Qd2 ({After:} 
18. Qa4+ {also possibly:} Kc8 $13 (18... Kd8 19. Qc2 Kd7 $11)) 18... Qa5 19.
Rab1 b6 20. Rb5 $2 ({Can be recommended:} 20. Rec1 $13 {[%csl Yc1,Rc3][%cal
Yc1c3,Gd2f4]}) 20... Qa4 $1 {It's best reaction to 20.Rb5.} (20... Qa6 $2 21.
Ra1 {[%csl Ya1,Rf4][%cal Ya1a2]} Qa4 22. Qxf4 Nxd5 23. Qg4 $16 {[%csl Rg7]
[%cal Gc4d5]}) 21. Rc1 ({Another alternative is:} 21. Qxf4 Rhe8 (21... Nxd5 $2
22. Qg4 $40) 22. Ra1 (22. Rxe8 $2 Qd1+ 23. Bf1 Rxe8 $36) 22... Nxd5 $13) 21...
Rae8 {[%cal Ge8e3]} ({It deserves attention:} 21... Rhe8) 22. Qxf4 (22. Rbb1
Re3 $15) 22... Nxd5 23. Qd2 ({Weakly:} 23. Qg4 {because of:} Qa3 $1 $36 {
[%cal Ga3c1]} (23... Ne3 24. Qxg7 Qxa2 25. Bf1 $15)) 23... Ne3 {[%csl Rc4]} 24.
Rbb1 ({Interestingly:} 24. Be4 $5 Nxc4 (24... Rxe4 25. fxe4 Nxc4 26. Qd5 Qxb5
27. Qb7+ Ke8 28. Qc8+ Ke7 29. Qxh8 Qb2 30. Rf1 Qxc3 31. Qxh7 $13) 25. Qd5 Ke7
$15 (25... Qxb5 $4 26. Qb7+ Kd8 27. Bc6 {[%csl Rb5,Rd8][%cal Gc6b5,Gb7d7]} Qxc6
28. Qxc6 $16)) 24... Re5 25. Re1 (25. f4 Re7 $15) 25... Rhe8 26. Be4 ({
Senselessly:} 26. Rxe3 $2 Rxe3 $140 27. Be4 {[%csl Re3]} R3xe4 28. fxe4 Qc6 $1
$17 {[%csl Re4]}) 26... Nxc4 27. Qd3 d5 28. Red1 Kc7 (28... Ne3 $5 {Fritz 6}
29. Qxe3 $140 Kc8) 29. Bxd5 Ne3 30. Be4 $8 ({Leads to bad endgame:} 30. Bb3 $2
{because of:} Nxd1 $1 (30... Qc6 $5 {[%csl Rb3,Rd1,Rd3][%cal Gc5c4]} 31. Bxf7
Nxd1 $19 {[%csl Rg1][%cal Ge5e1]}) 31. Bxa4 Re1+ 32. Qf1 Rxf1+ 33. Kxf1 Nxc3
34. Bxe8 Nxb1 35. Bxf7 $17) ({Loses right away:} 30. Bxf7 $4 Nxd1 31. Rxd1
Qxd1+ $1 32. Qxd1 Re1+ $19) 30... Nxd1 31. Rxd1 Rxe4 $6 {A little strange
decision.} (31... Kc8 $142 32. Qd6 $17) 32. fxe4 Qxe4 33. Qd7+ Kb8 34. h3 {
[%csl Yg1][%cal Yg1h2] -/+/=/+} Qe7 35. c4 {From my point of view this move a
much better,than:} (35. Qxe7 $6 Rxe7 36. f6 gxf6 37. Rd8+ Kc7 38. Rh8 Kd6 39.
Rxh7 Kd5 $17 {[%csl Rc3][%cal Gd5c4]}) 35... f6 (35... Qxd7 $6 36. Rxd7 $132 {
[%csl Gd7]}) 36. Qc6 $6 (36. g4 $5 {An interesting idea which was mentioned by
Finkel,A after the game:}) 36... Rc8 $6 ({Good enough:} 36... Rd8 $1 37. Rb1 (
37. Rxd8+ Qxd8 $17) 37... Qd7 $1 $17 38. Qxc5 $140 $4 Qd1+ $1 $19) 37. Qf3 $1
Re8 ({Leads to easy draw:} 37... Rd8 $2 38. Qg3+ Kc8 39. Rxd8+ Qxd8 (39... Kxd8
40. Qb8+ $11 {[%csl Ra7]}) 40. Qxg7 Qd4+ 41. Kh2 Qe5+ 42. Kg1 Qxf5 43. Qxa7 $11
) 38. Kh1 Qe2 $2 {Decisive oversight.} (38... Qe4 $6 39. Rd8+ Kc7 40. Rxe8 Qxe8
41. Qg3+ Kc6 42. Qxg7 Qe1+ 43. Kh2 Qe5+ 44. Kg1 $1 {[%csl Yg1][%cal Yg1f1]}
Qxf5 45. Qxa7 $11) ({It is necessary:} 38... Kc7 $5 39. Qg3+ $140 Kc8 $15) 39.
Rd8+ Kc7 $8 40. Rc8+ $3 {[%mdl 64] Effective tactical move.} (40. Rxe8 $5 Qxe8
41. Qg3+ Kc6 42. Qxg7 Qe1+ 43. Kh2 Qe5+ 44. Kg1 $1 {[%csl Yg1][%cal Yg1f1]}
Qxf5 45. Qxa7 $11) 40... Kxc8 $8 (40... Rxc8 $4 41. Qxe2) (40... Kd6 $4 41.
Qd5+ Ke7 42. Rc7+ Kf8 43. Qf7#) 41. Qc6+ (41. Qc6+ Kd8 42. Qd6+ Kc8 43. Qc6+
Kb8 44. Qd6+ Kb7 45. Qd7+ Ka6 46. Qa4+ $11) 1/2-1/2

[Event "Linares Anibal op 08th"]
[Site "Linares"]
[Date "2001.01.17"]
[Round "10"]
[White "Golod, Vitali"]
[Black "Turov, Maxim"]
[Result "1-0"]
[WhiteElo "2591"]
[BlackElo "2546"]
[Annotator "Golod,V"]
[PlyCount "47"]
[EventDate "2001.01.08"]
[EventType "swiss"]
[EventRounds "11"]
[EventCountry "ESP"]
[SourceTitle "CBM 081"]
[Source "ChessBase"]
[SourceDate "2001.03.20"]
[SourceVersion "1"]
[SourceVersionDate "2001.03.20"]
[SourceQuality "1"]

1. c4 Nf6 2. d4 e6 {It already present surprise. On my database,Maxim always
answers 2...g6.} 3. Nc3 Bb4 4. f3 c5 5. d5 O-O {[%mdl 4]} (5... Bxc3+ 6. bxc3
d6 7. e4 Qe7 $5 {See comments to Golod,V-Gershon,A/Tel-Aviv,2000/CBM 79(1/2-1/
2)(Golod,V)(41)}) (5... b5 $5 {It's main line.}) 6. e4 Re8 7. Nge2 d6 {
Interestingly,that in the same round,same position stood on a board in a game:
Kobalija,M-Kacheishvili,G(there has followed 8.Bg5?!)} 8. Bd2 $5 (8. a3 $5 {
See comments to Timman,J-Kortschnoj,V/Rotterdam,1990/ CBM 18 (1/2-1/2)(Ftacnik,
L)(34)}) (8. Ng3 $143 Bxc3+ (8... b5 $5 $132) 9. bxc3 Qa5 $13 {Wells,P-King,D/
London,1991(1-0)(43)}) 8... exd5 {It was possible to not hasten with this move.
} (8... Nbd7 $5 9. dxe6 $140 $6 (9. Ng3 $5) 9... fxe6 10. Nb5 Bxd2+ (10... d5
11. Bxb4 cxb4 12. cxd5 exd5 13. Rc1 $5 $13 {[%csl Ra8,Re8][%cal Gb5c7]}) 11.
Qxd2 d5 $13) 9. cxd5 Nbd7 10. Ng3 (10. a3 $143 Ba5 11. Ng3 Ne5 12. Be2 Bd7 13.
O-O c4 $13 {Prudnikova,S-Sygulski,B/Naleczow,1989(1/2-1/2)(45)}) 10... Ne5 $5 (
10... a6 $5 11. Be2 b5 12. O-O Ne5 13. a4 {See comments to Dreev,A-Salov,V/
Biel,1993/CBM 37(0-1)(Ambroz,J)(55)}) 11. Be2 c4 {I am not sure that was
necessary to make this move.} ({It deserves attention:} 11... Bd7 $5) 12. O-O (
{Weakly:} 12. Be3 {in view of:} Qa5 {[%cal Gb4c5]}) 12... Bd7 13. Kh1 $5 $146 (
{Was checked in the previous game:} 13. Be3 b5 14. Qd2 Ba5 15. Rfc1 Bb6 16. Nh1
Rc8 17. Nf2 $11 {1/2-1/2 Costa,J-Bischoff,K/Brno,1991(17)}) 13... b5 $6 {
Maxim did not see up to last moment my 17-th move.} 14. a4 a6 $2 {[%mdl 8192]}
({It is necessary:} 14... bxa4 15. Nxa4 {[%csl Ra7,Rc4]} a5 $14) 15. axb5 $1
axb5 $8 (15... Bxb5 $2 16. Nxb5 Bxd2 17. Nxd6 Qxd6 18. Qxd2 $18) 16. Rxa8 Qxa8
17. Bg5 $1 $16 {[%csl Rf6]} ({Much worse is:} 17. Nxb5 Bxd2 18. Nxd6 Bf4 19.
Nxe8 Qxe8 (19... Bxe8 $143 20. Nf5) (19... Nxe8 $143 20. Nh5) 20. Qd4 {+/=/+/-}
) 17... Kf8 $2 {It's decisive mistake.} (17... Kh8 $6 18. Bxf6 gxf6 19. f4 (19.
Nh5 $5 {[%csl Rf6][%cal Gd1d2,Gd2h6]}) 19... Nd3 (19... Ng6 $143 20. f5 (20.
Qd4 $5) 20... Ne5 21. Nh5 $18 {[%csl Rf6,Rh8][%cal Gd1c1,Gc1h6]}) 20. Bxd3 cxd3
21. Qxd3 $16) ({More stubborn resistance after:} 17... Qd8 $5 18. Nh5 Ng6 $16)
18. Bxf6 gxf6 19. Nh5 $1 Ke7 ({Also loses:} 19... Qd8 20. Qd2 {[%csl Rf6][%cal
Gd2h6]} Ng6 $140 21. Qh6+ Ke7 22. Qg7 $18 {[%csl Rf6]}) 20. f4 Nd3 (20... Ng6
21. Qd4 Kd8 22. Nxf6 (22. Qxf6+ $5 Re7 23. e5 $18) (22. Nxb5 $5) 22... Bc5 23.
Qd2 $18 {[%csl Rb5,Rc4,Yd7][%cal Gf6d7]}) 21. Bxd3 cxd3 22. Qxd3 $18 Bg4 $2 {
[%mdl 8192] Again tactical mistake the truth already in a hopeless position.} (
22... Bc5 23. e5 fxe5 24. fxe5 Kd8 (24... dxe5 $2 25. Rxf7+ $1 Kd8 (25... Kxf7
$4 26. Qxh7+ Kf8 27. Qg7#) 26. Rxd7+ Kxd7 27. Qxb5+ Kd8 (27... Kd6 28. Ne4+
Kxd5 29. Nhf6+ Kd4 30. Qxc5+ Kd3 31. Qc3+ Ke2 32. Qd2+ Kf1 33. Qd1#) 28. Qxc5
Qa1+ 29. Qg1 Qxb2 30. Ne4 $18) 25. exd6 Bxd6 26. Nf6 $18) 23. Nxf6 $1 Bxc3 (
23... Kxf6 24. Qd4+ {[%csl Rb4,Gd4,Rf6]}) 24. Nxe8 (24. Nxe8 Bxb2 {and now I
have as a minimum three ways of a win:} 25. Nxd6 (25. Nc7 $18 {[%csl Rb5][%cal
Gc7b5]}) (25. Qxb5 $18 {[%csl Rb2]}) 25... Kxd6 26. e5+ Ke7 (26... Kc7 27. Qc2+
{[%csl Rb2]}) (26... Kd7 27. Qxb5+ {[%csl Rb2]}) 27. d6+ Kd8 (27... Kf8 $2 28.
Qxh7 {[%csl Ra8,Rf8][%cal Gh7h8]}) 28. Qxh7 Bd7 29. Qxf7 $18) 1-0

[Event "Biel"]
[Site "Biel"]
[Date "1995.??.??"]
[Round "10"]
[White "Adianto, Utut"]
[Black "Brunner, Lucas"]
[Result "1-0"]
[WhiteElo "2590"]
[BlackElo "2530"]
[Annotator "Hansen,Cu"]
[PlyCount "81"]
[EventDate "1995.07.??"]
[EventType "tourn"]
[EventRounds "13"]
[EventCountry "SUI"]
[EventCategory "15"]
[SourceTitle "CBM 049"]
[Source "ChessBase"]
[SourceDate "1995.12.01"]
[SourceVersion "1"]
[SourceVersionDate "1995.12.01"]
[SourceQuality "1"]

1. d4 Nf6 2. c4 e6 3. Nc3 Bb4 4. Nf3 c5 5. g3 cxd4 6. Nxd4 Ne4 7. Qd3 Qa5 8.
Nb3 Nxc3 9. Bd2 Ne4 10. Qxe4 Bxd2+ 11. Nxd2 O-O 12. Bg2 Nc6 13. Qe3 d5 14. O-O
d4 15. Qd3 e5 (15... Rd8 16. Rfd1 $5 $146 (16. a3 Ne5 (16... Qh5 17. f4 $1 a5
18. b3 e5 19. f5 Ne7 20. f6 $1 $16 {Ubilava-Sturua, USSR 1980}) 17. b4 {[#]} (
17. Qc2 Qc7 18. Qe4 (18. Rac1 Bd7 {= Gulko,B-Georgadze,G/URS 34/(655) 1982})
18... a5 19. Rac1 (19. b3 Ra7 20. e3 dxe3 21. Qxe3 b6 22. Rfe1 Nd3 23. Red1 Qc5
24. Qxc5 Nxc5 25. Bc6 Kf8 26. Ne4 Rxd1+ 27. Rxd1 Ke7 28. Nxc5 bxc5 29. f4 {
1/2-1/2 Georgadze,T-Ostermeyer,P/Hannover (15) 1983}) 19... a4 20. c5 Ra5 21.
b4 axb3 22. Nxb3 Ra4 23. Qf4 h6 24. h4 $14 {Polugaevsky,L-Ftacnik,L/Moscow 39/
680 1985/}) 17... Qc7 18. Qb3 Bd7 19. f4 Ng6 20. Nf3 Bc6 21. Rfd1 e5 22. f5 Ne7
23. Qc2 f6 24. Rac1 Rac8 25. g4 $14 {Gaprindashvili,N-Mokry,K/Polanica Zdroj
42/720 1986}) 16... e5 17. a3 Be6 (17... Qc7 18. b4 Be6 {- 17... Be6}) 18. b4
Qc7 19. Ne4 $13 {Zvjaginsev,V-Tiviakov,S/Wijk (op) 62/(547) 1995 (24)} (19. c5
$6 f5)) (15... Qb6 16. Qa3 e5 17. c5 Qb5 18. Rfe1 Nb4 19. Rac1 Be6 20. Ne4 Nd5
21. Nd6 Qc6 22. f4 f6 23. e3 dxe3 24. f5 $16 {Gulko,B-Agzamov,G/URS 34/655 1982
}) 16. Nb3 (16. a3 f5 (16... Bf5 17. b4 (17. Qxf5 $1 Qxd2 18. Qd3 {[#]} Qh6 $1
(18... Qxd3 19. exd3 Rfe8 20. b4 f5 21. Bd5+ Kf8 22. Rae1 g5 23. f4 gxf4 24.
gxf4 $16 {Izeta,F-Fernandes,An/Andorra zt 1987 (37)}) 19. Rfd1 Rac8 20. Rac1 {
1/2-1/2 Eger,A-Stoliar,EJ/WT/M\463 1989\91 CCYB 6\319 1992}) (17. Ne4 $6 Bg6
18. b4 Qc7 19. f4 f5 20. Ng5 e4 21. Qd2 Bf7 $15 {Ftacnik L.-Prandstetter E.,
CSSR 1982}) 17... Bxd3 18. bxa5 Bxe2 19. Rfe1 d3 20. a6 Rac8 21. axb7 Rc7 22.
Rab1 Rb8 23. Rb5 f5 24. Bd5+ Kf8 25. Rc5 $14 {Krakops,M-Berzinsh,R/LAT-ch Riga
1993}) (16... g6 $1 17. b4 Qc7 18. c5 Bf5 19. Qb5 (19. Be4 Be6 20. f4 exf4 21.
Bxc6 Qxc6 22. Rxf4 {1/2-1/2 Hergott,D-Polaczek,R/Brussels OHRA op (09) 1987})
19... Rad8 20. Ne4 Bxe4 21. Bxe4 f5 22. Bxc6 Qxc6 $10 {Cvitan,O-Nikolic,Pr/
Sarajevo 43/(691) 1987}) (16... Be6 17. b4 Qc7 18. f4 (18. Ne4 Ne7 19. c5 Bd5
20. f4 Rad8 21. f5 $14 {Ricardi,P-Garcia Gonzales,G/Bayamo 41/630 1986 (47)})
18... exf4 19. gxf4 Bg4 (19... g6 20. f5 Bxf5 21. Rxf5 gxf5 22. Qxf5 f6 {
-/+ Giffard,N-Cebalo,M/Sainte Maxime 33/(659) 1982}) 20. h3 Bh5 21. Rf2 Rfe8
22. Nf1 Re7 23. e4 dxe3 24. Nxe3 $14 {Farago,I-Budde,V/Wuppertal 1986 (40)}) (
16... Qc7 17. f4 exf4 18. Rxf4 Be6 (18... Re8 19. Bd5 Be6 20. Raf1 Qb6 21. b4
Ne5 22. Qxd4 $16 {Popov,N-Chekhov,V/URS 27/587 1979}) 19. Bxc6 bxc6 20. c5 Qe5
21. b4 Bd5 22. Rxd4 f5 23. Nc4 {+/- Catalan,T-Saeed,S. A/Dubai 31/(625) 1981})
17. b4 Qd8 (17... Qc7 18. c5 (18. Nb3 {Dautov} e4 19. Qd2 Be6 20. Nxd4 (20.
Rac1 {Dautov} Rad8 21. b5 Ne5 22. Nxd4 Bxc4 23. Qb2 Qb6 $10) 20... Nxd4 21.
Qxd4 Bxc4 $10 {Kramnik,V-Izeta,F/Madrid/1993/ (41)} (21... Qxc4 {Dautov} 22.
Qe3 Qb3 $10)) (18. Bd5+ {Dautov} Kh8 19. Nb3 Ne7 20. Bg2 Rd8 (20... f4 $5) 21.
Rac1 Rb8 22. Rfd1 Be6 23. Nc5 Bf7 $132) 18... Be6 19. Nc4 e4 20. Qc2 Rfd8 21.
Rfd1 Kh8 $15 {Padevsky,N-Semkov,S/BUL 31/625 1981 (46)}) 18. Bd5+ Kh8 19. Nb3
Ne7 20. Bg2 f4 21. Nc5 Rb8 22. Rac1 Qe8 23. Qe4 Ng6 24. Qc2 $14 {Alterman,
Boris-Gruenfeld,Yehuda/Haifa VIDRA-mem (06) 1995}) (16. f4 g6 17. Nb3 Qc7 18.
fxe5 Bf5 19. Qd2 Qxe5 20. Bxc6 bxc6 21. Qxd4 Qxe2 22. Rae1 Qd3 23. Re3 Qxd4 24.
Nxd4 $14 {Wells,P-Kinsman,A/BCF-ch 1989/1-0 (58)}) 16... Qb6 17. f4 {[%csl Rd4]
קd4} Rd8 18. c5 Qc7 19. Be4 {[%cal Ye4h7] /^b1-h7} g6 20. f5 {[%csl Ge4]} Qe7
21. Nd2 {[%csl Rc8] ץc8} Bd7 (21... Qxc5 $2 22. fxg6 hxg6 23. Bxg6 fxg6 24.
Qxg6+ Kh8 25. Rf7 $18) 22. a3 {[%cal Yb2b4,Yd2c4,Yc4d6] /\b2-b4,Nd2-c4-d6} a5
23. Rf2 {[%cal Ya1f1] /\Raf1 <->f} Be8 {[%csl Rf7]} 24. Qc4 {[%cal Yf5g6] /\25.
fxg6 fxg6 26.Bxg6} a4 25. Raf1 $5 (25. fxg6 hxg6 26. Bxg6 Na5 27. Qa2 $16)
25... Na5 26. Qa2 Ra6 27. fxg6 hxg6 28. Bd5 {[%csl Rf7]} Rxd5 29. Qxd5 $18 Re6
30. c6 $1 (30. Ne4 $2 Bc6 $19) 30... Nxc6 31. Ne4 {[%csl Rf6] ><f6} Nd8 32. Rf6
Rc6 33. Nd6 {[%cal Yf6g6] /\Rxg6+} Kg7 34. h4 Rc2 35. Nxe8+ Qxe8 36. Rd6 Rc8 (
36... Nc6 37. Rd7 $18) 37. h5 gxh5 38. Rf5 Ne6 39. Qxe5+ Kg8 40. Rxh5 Ng7 41.
Rdh6 {[%cal Yh6h8]} 1-0

[Event "Linares Anibal op 08th"]
[Site "Linares"]
[Date "2001.01.16"]
[Round "9"]
[White "Kobalia, Mihail"]
[Black "Ibragimov, Ildar"]
[Result "1-0"]
[WhiteElo "2581"]
[BlackElo "2571"]
[Annotator "Hecht,H"]
[PlyCount "111"]
[EventDate "2001.01.08"]
[EventType "swiss"]
[EventRounds "11"]
[EventCountry "ESP"]
[SourceTitle "CBM 081"]
[Source "ChessBase"]
[SourceDate "2001.03.20"]
[SourceVersion "1"]
[SourceVersionDate "2001.03.20"]
[SourceQuality "1"]

1. d4 Nf6 2. c4 e6 3. Nc3 Bb4 4. f3 d5 5. a3 Bxc3+ 6. bxc3 c6 7. Qc2 Nbd7 8. e4
dxe4 9. fxe4 e5 10. Nf3 c5 11. Bd3 O-O 12. O-O h6 13. d5 Ne8 14. Qf2 Qe7 15.
Qg3 Kh7 16. Nh4 Nd6 17. Ra2 Nf6 18. Qe1 Bd7 19. Raf2 Ng8 20. Rb2 b6 21. Qg3
Rae8 22. Rbf2 g5 23. Nf3 f6 24. h4 g4 25. Nxe5 fxe5 26. Rxf8 Rxf8 27. Rxf8 Qxf8
28. Qxe5 b5 29. Qg3 bxc4 30. Bc2 Nf6 (30... Kh8) 31. Qxd6 $1 Qxd6 32. e5+ Kg7
33. exd6 Nxd5 34. Be4 {Starkes weißes Läuferpaar bei offener Stellung.} Nf6 35.
Bb7 Be6 36. Be3 Nd7 37. h5 Kf6 38. Bxh6 Bf7 39. Kf2 Bxh5 40. Kg3 Ke6 41. Bf4
Kf5 42. Bd5 Be8 43. Bxc4 Nf6 44. Bd3+ Ke6 45. Kh4 Nd5 (45... Bc6 $142 46. g3 a5
) 46. Bc4 Bd7 47. Kg5 a5 48. Bg3 a4 49. Bh2 Bc8 50. Bd3 Kf7 51. Bg6+ Kf8 52.
Bg1 c4 53. Bd4 g3 54. Bf5 Bxf5 55. Kxf5 Kf7 56. d7 1-0